Local government and service users: empowerment through user-led innovation? (Record no. 50264)

000 -LEADER
fixed length control field 01529pab a2200169 454500
008 - FIXED-LENGTH DATA ELEMENTS--GENERAL INFORMATION
fixed length control field 180718b2001 xxu||||| |||| 00| 0 eng d
100 ## - MAIN ENTRY--PERSONAL NAME
Personal name Dibben, Pauline
245 ## - TITLE STATEMENT
Title Local government and service users: empowerment through user-led innovation?
260 ## - PUBLICATION, DISTRIBUTION, ETC.
Date of publication, distribution, etc. 2001
300 ## - PHYSICAL DESCRIPTION
Extent p.43-58
362 ## - DATES OF PUBLICATION AND/OR SEQUENTIAL DESIGNATION
Dates of publication and/or sequential designation Autumn
520 ## - SUMMARY, ETC.
Summary, etc. Under the Best Value regime, the government requires local authorities to involve the public in determining the provision of services. Indeed, the Best Value legislation provides a legal basis for consulting citizens and the local community in relation to better management of local government functions. The guidance on Best Value also encourages local authorities to place performance management within a community strategy framework. These combined actions will, it is hoped, result in more innovative, effective and efficient provision. Arguably, however, the success of increased participation will be influenced by how and why the public are involved. This study draws on case study research to ask whether involving the public does result in innovative changes and to what extent those involved are empowered through the process, concluding that success for both the authority and service users is influenced by factors such as cost structures and whether the original intent includes careful consideration of how those involved might benefit from the process. - Reproduced
650 ## - SUBJECT ADDED ENTRY--TOPICAL TERM
Topical term or geographic name entry element Local government
700 ## - ADDED ENTRY--PERSONAL NAME
Personal name Bartlett, Dean
773 ## - HOST ITEM ENTRY
Main entry heading Local Government Studies
909 ## -
-- 50264
Holdings
Withdrawn status Lost status Damaged status Not for loan Permanent Location Current Location Date acquired Serial Enumeration / chronology Barcode Date last seen Price effective from Koha item type
        Indian Institute of Public Administration Indian Institute of Public Administration 2018-07-19 Volume no: 27, Issue no: 3 AR50692 2018-07-19 2018-07-19 Articles

Powered by Koha